Foundations of silviculture upon an ecological basis. (Record no. 16534)
[ view plain ]
| 000 -LEADER | |
|---|---|
| fixed length control field | 00462cam a22001691 4500 |
| 040 ## - CATALOGING SOURCE | |
| Transcribing agency | ODaWU |
| 082 ## - DEWEY DECIMAL CLASSIFICATION NUMBER | |
| Classification number | 634 WIL 1947 A106 Or. |
| 100 1# - MAIN ENTRY--AUTHOR NAME | |
| Personal name | Toumey, James William, |
| 245 10 - TITLE STATEMENT | |
| Title | Foundations of silviculture upon an ecological basis. |
| 250 ## - EDITION STATEMENT | |
| Edition statement | 2d ed., |
| 260 ## - PUBLICATION, DISTRIBUTION, ETC. (IMPRINT) | |
| Place of publication | New York, |
| Name of publisher | J. Wiley, |
| Year of publication | 1947. |
| 300 ## - PHYSICAL DESCRIPTION | |
| Number of Pages | xxi, 468 p. |
| Other physical details | illus. |
| Dimensions | 24 cm. |
| 650 #0 - SUBJECT ADDED ENTRY--TOPICAL TERM | |
| Topical Term | Forests and forestry |
| 650 #0 - SUBJECT ADDED ENTRY--TOPICAL TERM | |
| Topical Term | Forest ecology. |
| 700 1# - ADDED ENTRY--PERSONAL NAME | |
| Personal name | Korstian, Clarence F. |
| 942 ## - ADDED ENTRY ELEMENTS (KOHA) | |
| Koha item type | សៀវភៅភាសាអង់គ្លេស |
| 952 ## - LOCATION AND ITEM INFORMATION (KOHA) | |
| Withdrawn status [LOCAL, KOHA] | 0 |
| Permanent Location | Date acquired | Koha item type | Lost status | Shelving location | Barcode | Current Location | Full call number |
|---|---|---|---|---|---|---|---|
| Library Block A | 2018-03-05 | សៀវភៅភាសាអង់គ្លេស | A107 | A24167 | Library Block A | 634 WIL 1947 A107 Or. |